Environmental toxicology and chemistry
| Corporate Author: | |
|---|---|
| Format: | Electronic Journal |
| Language: | English |
| Published: |
New York :
Elsevier Science
Houston, TX : SETAC Press Hoboken, NJ : John Wiley & Sons |
| Subjects: | |
| Online Access: | Full text available from Research Library: 01/01/2005 to 12/31/2009 |
MARC
| LEADER | 00000nas a2200000 a 4500 | ||
|---|---|---|---|
| 001 | ssj0016999 | ||
| 003 | WaSeSS | ||
| 005 | 20200512172242.0 | ||
| 006 | m d | ||
| 007 | cr n | ||
| 008 | 020120c19829999njumr pss 0 a0eng c | ||
| 010 | |a 2004213297 | ||
| 015 | |a GBB350992 |2 bnb | ||
| 016 | 7 | |a 015866936 |2 Uk | |
| 022 | |a 1552-8618 |l 0730-7268 |y 0730-7268 | ||
| 030 | |a ETOCDK | ||
| 035 | |a (WaSeSS)ssj0016999 | ||
| 037 | |b SETAC Press, 1010 N. 12th Ave., Pensacola, FL 32501-3367 | ||
| 040 | |a OH1 |b eng |e pn |c OH1 |d NSD |d MUQ |d EEM |d UKMGB |d OCLCF |d VT2 |d OCLCO |d DLC |d OCL |d OCLCQ |d NLGGC |d SCB |d OCLCO |d DLC |d AU@ |d CSU |d OCLCO |d OCLCQ |d OCLCO |d OCLCA |d DLC |d OCLCO |d DLC |d OCLCO |d OCLCA |d DLC |d OCL |d RCE |d NLE |d U3W |d OCLCO |d OCLCA |d BUF |d OCLCQ |d OCLCO |d WYU |d OCLCO |d OCLCA |d NJT |d WaSeSS | ||
| 042 | |a nsdp |a pcc | ||
| 050 | 0 | 0 | |a QH545.A1 |
| 060 | 0 | 0 | |a W1 |b EN986KF |
| 082 | 1 | 0 | |a 571.9 |2 13 |
| 210 | 0 | |a Environ. toxicol. chem. |b (Online) | |
| 222 | 0 | |a Environmental toxicology and chemistry |b (Online) | |
| 245 | 0 | 0 | |a Environmental toxicology and chemistry |h [electronic resource]. |
| 246 | 1 | 3 | |a ET & C |
| 246 | 3 | |a ET and C | |
| 260 | |3 1982-<2000> : |a New York : |b Elsevier Science | ||
| 260 | 2 | |3 <2002-> : |a Houston, TX : |b SETAC Press | |
| 260 | 3 | |3 <2017->: |a Hoboken, NJ : |b John Wiley & Sons | |
| 310 | |a Monthly, |b <1986-> | ||
| 362 | 1 | |a Print began with vol. 1, issue 1, published in 1982. | |
| 506 | |a License restrictions may limit access. | ||
| 538 | |a Mode of access: World Wide Web. | ||
| 550 | |a A monthly publication of the Society of Environmental Toxicology and Chemistry. | ||
| 588 | |a Description based on: Vol. 14, issue 1 (Jan. 1995); title from general information screen (viewed Jan. 17, 2002). | ||
| 588 | |a Latest issue consulted: Volume 35, issue 3 (March 2016) (Wiley Online Library, viewed March 9, 2016). | ||
| 650 | 0 | |a Pollution |v Periodicals. | |
| 650 | 0 | |a Environmental chemistry |v Periodicals. | |
| 650 | 6 | |a Pollution |x Aspect de l'environnement |v Périodiques. | |
| 650 | 6 | |a Chimie de l'environnement |v Périodiques. | |
| 650 | 7 | |a Pollution. |2 fast |0 (OCoLC)fst01070069 | |
| 650 | 7 | |a Environmental chemistry. |2 fast |0 (OCoLC)fst00912860 | |
| 650 | 2 | |a Environmental Pollutants. | |
| 650 | 2 | |a Environmental Pollution. | |
| 650 | 2 | |a Toxicology. | |
| 650 | 2 | |a Toxicology |v Periodicals. | |
| 650 | 2 | |a Environmental Pollution |v Periodicals. | |
| 650 | 2 | |a Environmental Pollutants |v Periodicals. | |
| 655 | 0 | |a Electronic journals. | |
| 710 | 2 | |a SETAC (Society) | |
| 776 | 0 | 8 | |i Print version: |t Environmental toxicology and chemistry |x 0730-7268 |w (DLC) 82644985 |w (OCoLC)8047857 |
| 850 | |a DLC | ||
| 856 | 4 | 0 | |z Full text available from Research Library: 01/01/2005 to 12/31/2009 |u https://search.proquest.com/publication/32741 |